<The> quality control of yoghurts

Saved in:
Bibliographic Details
Main Author: Lacková, Alica
Other Authors: Karkalíková, Marta
Format: Book Chapter
Language:English
Tags: Add Tag
No Tags, Be the first to tag this record!

MARC

LEADER 00000naa$a2200000$$$4500
001 0135284
005 20240502083327.7
041 0 |a eng 
044 |a PL 
245 1 0 |a <The> quality control of yoghurts  |c Alica Lacková, Marta Karkalíková 
100 1 |a Lacková, Alica 
700 1 |a Karkalíková, Marta